00314nam a22001337a 4500003000400000008004100004020001800045082001500063100002100078245003800099250001100137260002400148300000800172OSt250905b |||||||| |||| 00| 0 eng d a9783031296444 a006.32 AGN aAGGARWAL,Charu C aNeural Networks and Deep Learning a2nd Ed aUSAbSpringerc2023 a523